| 000 | 00766cam a2200217 4500 | ||
|---|---|---|---|
| 001 | WB3616-03 | ||
| 008 | 000000n2000 000 0 eng u | ||
| 035 | _a(Sirsi) u105580 | ||
| 245 | _aEasement extinguishment | ||
| 260 | _c2000 | ||
| 490 |
_aEstates Gazette Case Summaries _v(2000) EGCS 54(1) (22/04/00) |
||
| 520 | _a"Attwood and others v Bovis Homes Ltd", ChD 10 April 2000, which examined whether an easement was extinguished by a radical change in character of the dominant tenement. | ||
| 590 | _aWB | ||
| 650 | 0 | _aATTWOOD AND OTHERS V BOVIS HOMES LTD | |
| 650 | _aEASEMENT | ||
| 650 | 0 | _aDRAINAGE RATES | |
| 650 | _aEXTINGUISHMENT | ||
| 650 | _aRESIDENTIAL DEVELOPMENT | ||
| 690 | _aBOUNDARIES, PARTY WALLS AND EASEMENTS-CASE LAW | ||
| 942 | _n0 | ||
| 999 |
_c63261 _d63261 |
||